000 00452nam a22001817a 4500
003 MPLRDC
005 20220104143936.0
008 210129b ||||| |||| 00| 0 eng d
082 _a889 HGCS v.150
100 _aSTEPHEN KING
245 _a克丽斯汀
_c种衍伦译
250 _a初版
260 _a
_b皇冠
_c1983
300 _b
490 _a当代名著精选. 150
650 _a西洋小说之中文翻译
942 _cBK
_o889 HGCS v.150
999 _c44859
_d44849